000 00680nam a2200205 a 4500
001 000010142
005 20240412074215.0
008 091005n200- dr r 001 0 spa d
040 _aDO-SdBNP
_bspa
_cBNPHU
082 _aRD861.44
_bC322h
100 1 _aCartagena Portalatín, Aída,
_d1918-1994
_923557
245 1 0 _aVispera del sueño. Del sueño al mundo /
_cAída Cartagena Potalatín.
260 _aSanto Domingo :
_b[s. n,
_c200?].
300 _a54 p. ;
_c22 cm.
500 _aHomenaje póstumo.-- En portada.
590 _aInventariado, 2018/BT
650 0 _aPoesía dominicana
_966
650 0 _aLiteratura dominicana.
_967
910 _aValidado. Control de calidad. MMOLINA
999 _c9901
_d9901